Elektrotechnik
Uložené v:
| Médium: | Seriál |
|---|---|
| Vydavateľské údaje: |
1991
|
| Tagy: |
Žiadne tagy, Buďte prvý, kto otaguje tento záznam!
|
MARC
| LEADER | 00000nas a22000003a 4500 | ||
|---|---|---|---|
| 001 | stu72078 | ||
| 005 | 20141121231741.2 | ||
| 008 | 011106s1991----------------------------d | ||
| 040 | |a STU |b slo | ||
| 041 | 0 | ||
| 245 | |a Elektrotechnik | ||
| 260 | |c 1991 | ||
| 500 | |a 1991 | ||
| 500 | |a 12 | ||
| 500 | |a 2-6 /CH: 1 | ||
| 773 | 0 | |t Elektrotechnik |w stu_us_cat*stu72076 |7 nnas | |
| 996 | |d Roč. 46, 1991 |v Roč. 46 |y 1991 |l EE0103 |s A |a 24 |w stu72078_0004 | ||